| 000 | 01218nam a22002777a 4500 | ||
|---|---|---|---|
| 001 | 79843 | ||
| 003 | BD-RjUL | ||
| 005 | 20230619125325.0 | ||
| 008 | 220524s2009 bg a|||| m||| 00| 0 eng d | ||
| 035 | _a(BD-RjUL)79843 | ||
| 040 |
_aBD-RjUL _beng _cBD-RjUL _dBD-RjUL |
||
| 041 | _aeng | ||
| 082 |
_223 _a618.20083 _bSHI 2009 |
||
| 100 |
_aShelley, Farida Easmin _93158 |
||
| 245 | 1 | 0 |
_aImpact of adolescent pregnancy on immunity, morbidity and nutrition of child and mothers / _cBy Farida Easmin Shelly ; _6Principal Supervisor : Parvez Hassan, Co-Supervisor : Abdul Kalam Azad, Co-Supervisor : M A. Gafur |
| 260 |
_aRajshahi : _bMolecular Biology Laboratory Institute of Biological Sciences, University of Rajshahi. _c2009. |
||
| 300 |
_a[11], 94 leaves : _bill, ; _c29.cm. |
||
| 502 | _aThesis (Ph. D.) -- Molecular Biology Laboratory Institute of Biological Sciences, University of Rajshahi. | ||
| 504 | _aBibliography : Leaves 76 - 82 | ||
| 650 |
_aGynecology _vImpact _93159 |
||
| 650 |
_aYoung People _vChild and Mother _93160 |
||
| 700 |
_aHassan, Parvez, Principal Supervisor _93111 |
||
| 700 |
_aAzad, Abdul, Kalam, Co-Supervisor _93161 |
||
| 700 |
_aGafur, M A. Co-Supervisor _93162 |
||
| 942 |
_2ddc _cTHE |
||
| 999 |
_c79843 _d79843 |
||